World development report 1985

Bibliographic Details
Format: Book
Language:English
Published: New York : Oxford University Press 1985
Subjects:

MARC

LEADER 00000cam a2200000 7i4500
001 0000002934
005 20240926.0
008 991201 nyu eng
020 |a 0195204816 
040 |a INS   |b eng   |e rda 
090 0 0 |a HC59.7   |b .W659 1985 
245 0 0 |a World development report 1985 
264 1 |a New York :   |b Oxford University Press   |c 1985 
300 |a xii, 243 pages ;   |c 28 cm. 
336 |a text  |2 rdacontent 
337 |a unmediated  |2 rdamedia 
338 |a volume  |2 rdacarrier 
650 0 |a Economic development   |x Periodicals 
650 0 |a Underdeveloped areas   |x Periodicals 
999 |a 0000001608   |b BOOK   |c Open Shelf   |e Default branch